Co spowodowalo rozwoj gospodarki poludniowokoreanskiej?

Autorom článku je profesor univerzity v Seule. Šesť znakov hospodárskeho rozvoja podľa Kuznetsa a ich charakteristika. Zložky juhokórejského špecifika. Zdroje hospodárskeho rastu v Kórei a iných krajinách. Analýza faktorov rastu. Pokrok robia ľudia. Usilovní Kórejci.

Salvato in:
Dettagli Bibliografici
Autore principale: Gilsu, S.
Natura: Capitolo di libro
Lingua:polacco
Soggetti:
Tags: Aggiungi Tag
Nessun Tag, puoi essere il primo ad aggiungerne!!

MARC

LEADER 00000naa a2200000 4500
001 r002902
005 20220819193744.4
041 0 |a pol 
044 |a PL 
245 1 0 |a Co spowodowalo rozwoj gospodarki poludniowokoreanskiej?  |c S. Gilsu 
520 |a Autorom článku je profesor univerzity v Seule. Šesť znakov hospodárskeho rozvoja podľa Kuznetsa a ich charakteristika. Zložky juhokórejského špecifika. Zdroje hospodárskeho rastu v Kórei a iných krajinách. Analýza faktorov rastu. Pokrok robia ľudia. Usilovní Kórejci. 
610 2 0 |a rozvoj hospodársky 
610 2 0 |a rast hospodársky 
610 2 0 |a Južná Kórea 
610 2 0 |a činiteľ ľudský 
610 2 0 |a faktory rastu hospodárskeho 
100 1 |a Gilsu, S.